zpět

Detail výsledku týmu

Pivovar Kolkovna - Praha 7, Praha

Datum a čas kvízu

31.5 Celkem bodů Celkový počet nahraných bodů na tomto kvízu bez doplňovacích otázek.
4. Pořadí na kvízu Konečné umístění týmu na tomto kvízu.

Zaznamenané odpovědi

# Otázka Odpověď Body Výsledky
1. V pondělí jsme se dozvěděli, ž... nedodržení bezpečné vzdálenosti 0
2. Zaměstnanec letiště Johna F. K... C) živá kočka 1
3. V úterý se v pražském Kině Luc... Král Šumavy 0
4. V pondělí, po pěti dnech letu,... Orion 1
5. Ve dvou úvodních zápasech kter... Polsko 0
6. V následujících pěti otázkách... C) 5,68 půllitrů 1
7. Odvozená jednotka SI elektrick... farad 1
8. Na lidské tělo, jehož odpor je... 300 V 1
9. Přiřaďte tyto jednotky k přísl... 1B 2A 3D 4C 1
10. Bušl je stará objemová a hmotn... A 0